Yorkshire and Humberside (Record no. 15878)
[ view plain ]
| 000 -LEADER | |
|---|---|
| fixed length control field | 01382cab a2200229 4500 |
| 001 - CONTROL NUMBER | |
| control field | ABS40421 |
| 008 - FIXED-LENGTH DATA ELEMENTS--GENERAL INFORMATION | |
| fixed length control field | 090401t1989 xxu||||| |||| 00| 0 eng d |
| 035 ## - SYSTEM CONTROL NUMBER | |
| System control number | (Sirsi) u23717 |
| 041 ## - LANGUAGE CODE | |
| Language code of text/sound track or separate title | eng |
| 245 ## - TITLE STATEMENT | |
| Title | Yorkshire and Humberside |
| 260 ## - PUBLICATION, DISTRIBUTION, ETC. | |
| Date of publication, distribution, etc. | 1989 |
| 350 ## - PRICE (NR) (BK AM CF MU VM SE) [OBSOLETE] | |
| Price | 0 |
| 490 ## - SERIES STATEMENT | |
| Series statement | Chartered Surveyor Weekly |
| Volume/sequential designation | Supplement 16 February 1989, (16) LOAN |
| 520 ## - SUMMARY, ETC. | |
| Summary, etc. | Special report on the Yorkshire and Humberside region. Begins with a section on Halifax , which is refurbishing and converting its Victorian mills for today`s workforce. Reviews the office and industrial market s in Leeds , Sheffield and Hull . Indicates the new uses which Hull has found for its waterfront and examines how Barnsley and Rotherham are adapting to the decline in the coal industry by taking advantage of the revival in the steel and heavy engineering industries. Includes profiles of the men in charge of Mountleigh Northern Developments, Leeds Development Corporation and Leeds City Development Company . Concludes with coverage of out-of-town retail ing, listing schemes under construction, with outline consent and those awaiting the outcome of a public inquiry. |
| 650 ## - SUBJECT ADDED ENTRY--TOPICAL TERM | |
| Topical term or geographic name entry element | CALDERDALE INHERITANCE PROJECT |
| 650 ## - SUBJECT ADDED ENTRY--TOPICAL TERM | |
| Topical term or geographic name entry element | JOINT VENTURES |
| 650 ## - SUBJECT ADDED ENTRY--TOPICAL TERM | |
| Topical term or geographic name entry element | M62 |
| 650 ## - SUBJECT ADDED ENTRY--TOPICAL TERM | |
| Topical term or geographic name entry element | MEADOWHALL |
| 690 ## - LOCAL SUBJECT ADDED ENTRY--TOPICAL TERM (OCLC, RLIN) | |
| Topical term or geographic name as entry element | PROPERTY-COMMERCIAL PROPERTY-COMMERCIAL PROPERTY MARKET |
| 942 ## - ADDED ENTRY ELEMENTS (KOHA) | |
| Suppress in OPAC | 0 |
| 948 ## - LOCAL PROCESSING INFORMATION (OCLC); SERIES PART DESIGNATOR (RLIN) | |
| c (OCLC) | 04/03/1997 |
| Withdrawn status | Lost status | Source of classification or shelving scheme | Damaged status | Not for loan | Home library | Current library | Shelving location | Date acquired | Total Checkouts | Full call number | Barcode | Date last seen | Copy number | Price effective from | Koha item type |
|---|---|---|---|---|---|---|---|---|---|---|---|---|---|---|---|
| Dewey Decimal Classification | London | London | Journal article | 21/08/1991 | ABS40421 | 30027492 | 06/08/2019 | 1 | 06/08/2019 | Journal article | |||||
| Dewey Decimal Classification | London | London | Journal article | 21/08/1991 | ABS40421 | 30027496 | 06/08/2019 | 2 | 06/08/2019 | Journal article |